University Home | Library Home | Institutional Repository

The philosopher and the state. (Record no. 8542)

MARC details
000 -LEADER
fixed length control field 00594cam5a220021700 4500
001 - CONTROL NUMBER
control field zam00003608
008 - FIXED-LENGTH DATA ELEMENTS--GENERAL INFORMATION
fixed length control field 951128s1971 xx eng u
035 ## - SYSTEM CONTROL NUMBER
System control number (Sirsi) r20929
035 ## - SYSTEM CONTROL NUMBER
System control number (MACHINE)SLC.
100 ## - MAIN ENTRY--PERSONAL NAME
Personal name Faurot, J. H.
Linkage A82497.1
245 14 - TITLE STATEMENT
Title The philosopher and the state.
260 ## - PUBLICATION, DISTRIBUTION, ETC.
Date of publication, distribution, etc. 1971.
591 ## -
-- Class code: PH 930.
591 ## -
-- Course: Socio-political philosophy.
591 ## -
-- School: S05.
591 ## -
-- Lecturer: Prof. DILLON-MALONE, C.
591 ## -
-- Number of Students: 22.
949 ## - LOCAL PROCESSING INFORMATION (OCLC)
a JA81
w lcc
m MAIN
t BOOK
l ON-SHELF
909 ## -
-- Book
Holdings
Withdrawn status Lost status Source of classification or shelving scheme Damaged status Not for loan Home library Current library Shelving location Total Checkouts Full call number Barcode Date last seen Copy number Price effective from Koha item type
    Library of Congress Classification     Main Library Main Library Academic reserves/Short loan   JA81 FAU 33729000770979 08/12/2019 1 08/12/2019 Short Loan material
© 2026 - The University of Zambia Library - Koha v25.11